Central Library OPAC University of Rajshahi

মধ্য রাতের পদ্য / (Record no. 39261)

MARC details
000 -LEADER
fixed length control field 00740nam a22002177a 4500
001 - CONTROL NUMBER
control field 39261
003 - CONTROL NUMBER IDENTIFIER
rucl marc code BD-RjUL
005 - DATE AND TIME OF LATEST TRANSACTION
control field 20211209052943.0
008 - FIXED-LENGTH DATA ELEMENTS--GENERAL INFORMATION
fixed length control field 160406s2010 bg ||||| |||| 00| 0 ben d
020 ## - INTERNATIONAL STANDARD BOOK NUMBER
International Standard Book Number 9847011800639
Terms of availability : TK.100.00
035 ## - SYSTEM CONTROL NUMBER
System control number (BD-RjUL)39374
040 ## - CATALOGING SOURCE
Transcribing agency BD-RjUL
082 ## - DEWEY DECIMAL CLASSIFICATION NUMBER
Edition number 23
Classification number 891.441
Author mark and year ALM 2010
100 10 - MAIN ENTRY--PERSONAL NAME
Personal name আলী, মোঃ নওসাদ
9 (RLIN) 121063
245 03 - TITLE STATEMENT
Title মধ্য রাতের পদ্য /
Statement of responsibility, etc. মোঃ নওসাদ আলী
260 ## - PUBLICATION, DISTRIBUTION, ETC. (IMPRINT)
Place of publication, distribution, etc. ঢাকা :
Name of publisher, distributor, etc. মুক্তদেশ প্রকাশন,
Date of publication, distribution, etc. ২০১০
300 ## - PHYSICAL DESCRIPTION
Pagination ৮০ পৃ. ;
Size of unit ২২ সেমি.
650 ## - SUBJECT ADDED ENTRY--TOPICAL TERM
Topical term or geographic name as entry element বাংলা কবিতা
9 (RLIN) 121065
Topical term or geographic name as entry element Bengali poetry
9 (RLIN) 121066
942 ## - ADDED ENTRY ELEMENTS (KOHA)
Source of classification or shelving scheme Dewey Decimal Classification
Koha item type Books
Holdings
Lost status Source of classification or shelving scheme Damaged status Not for loan Collection code Permanent Location Current Location Shelving location Date acquired Source of acquisition Cost, normal purchase price Total Checkouts Full call number Date last seen Date checked out Copy number Koha item type
  Dewey Decimal Classification     Non-fiction Central Library, University of Rajshahi Central Library, University of Rajshahi   17/09/2010 Auther, RAjshahi 100.00 2 B 891.441 ALM 2010 17/04/2016 10/04/2016 C-2 Books
  Dewey Decimal Classification   Not For Loan Non-fiction Central Library, University of Rajshahi Central Library, University of Rajshahi Reading Room 17/09/2012 Rajshahi, Author 100.00   B 891.441 ALM 2010 12/02/2017   C-1 Books